Welcome to the Holygrace Academy Library

Please use search bar below to get started

BONSAI (Record no. 7195)

MARC details
000 -LEADER
fixed length control field 00557nam a22001457a 4500
020 ## - INTERNATIONAL STANDARD BOOK NUMBER
ISBN 973-93-5432-638-7
082 ## - DEWEY DECIMAL CLASSIFICATION NUMBER
Classification number 894.812.3
Item number CHA/B
100 ## - MAIN ENTRY--AUTHOR NAME
Personal name CHANDRAMATHI
245 ## - TITLE STATEMENT
Title BONSAI
260 ## - PUBLICATION, DISTRIBUTION, ETC. (IMPRINT)
Place of publication KOTTAYAM
Name of publisher DC BOOKS
Year of publication 2021
300 ## - PHYSICAL DESCRIPTION
Number of Pages 133
520 ## - SUMMARY, ETC.
Summary, etc Bonsai specimens are ordinary trees and shrubs, not hereditary dwarfs; they are dwarfed by a system of pruning roots and branches and training branches by tying them with wire. The art originated in China but has been pursued and developed primarily by the Japanese.
650 ## - SUBJECT ADDED ENTRY--TOPICAL TERM
Topical Term NOVEL
942 ## - ADDED ENTRY ELEMENTS (KOHA)
Koha item type Books
Holdings
Withdrawn status Lost status Collection code Home library Current library Shelving location Date acquired Source of acquisition Cost, normal purchase price Full call number Accession Number Koha item type
    Fiction Main Library Main Library NEW SHELF WITH NEW ENTRY 11/11/2023 Purchase 170.00 894.812.3 CHA/B 13331 Books